000
00296nam a2200145Ia 4500
100
_a
BRANSON/RICHARD
650
_a
General
942
_c
BK
366
_f
20
245
_a
SCREW IT LETS DO IT
260
_b
AMEY PRAKASHAN
_a
Pune
_c
2010
082
_a
920/BRA
300
_a
84
546
_a
ENGLISH
999
_c
24589
_d
24589